Central Library OPAC University of Rajshahi

المصحف المفسر : وضع هذا التفسير مستمدا إياه من أقوال أئمة أهل السنة وأقطاب المفسرين خاليا من المصطلحات الفنية توفية لحاجة أهل al musahaf al mufasir : wade hdha al tafsir mustamiddaan 'iiaah min 'aqwal 'ayimat 'ahl al sanat wa'aqtab al mufasirin khaliaan min a l mustalahat al faniyat tawafiyatan lihajat 'ahl aleas / (Record no. 78088)

MARC details
000 -LEADER
fixed length control field 01062aaa a2200217 a 4500
001 - CONTROL NUMBER
control field 78088
003 - CONTROL NUMBER IDENTIFIER
rucl marc code BD-RjUL
005 - DATE AND TIME OF LATEST TRANSACTION
control field 20211209083104.0
008 - FIXED-LENGTH DATA ELEMENTS--GENERAL INFORMATION
fixed length control field 210318s1953 ||||| |||| 00| 0 a d
035 ## - SYSTEM CONTROL NUMBER
System control number (BD-RjUL)78314
040 ## - CATALOGING SOURCE
Original cataloging agency BD-RjUL
Language of cataloging eng
Transcribing agency BD-RjUL
041 ## - LANGUAGE CODE
Language code of text/sound track or separate title ara
082 ## - DEWEY DECIMAL CLASSIFICATION NUMBER
Edition number 23
Classification number 297.1225
Author mark and year WAM 1953
100 ## - MAIN ENTRY--PERSONAL NAME
Personal name وجدي، محمد فريد ;; Wagdy, Mohamed Farid
9 (RLIN) 246181
245 ## - TITLE STATEMENT
Title المصحف المفسر : وضع هذا التفسير مستمدا إياه من أقوال أئمة أهل السنة وأقطاب المفسرين خاليا من المصطلحات الفنية توفية لحاجة أهل al musahaf al mufasir : wade hdha al tafsir mustamiddaan 'iiaah min 'aqwal 'ayimat 'ahl al sanat wa'aqtab al mufasirin khaliaan min a l mustalahat al faniyat tawafiyatan lihajat 'ahl aleas /
Statement of responsibility, etc. Mohamed Farid Wagdy ;;;محمد فريد وجدي
250 ## - EDITION STATEMENT
Edition statement الطبعة السدسة
260 ## - PUBLICATION, DISTRIBUTION, ETC. (IMPRINT)
Place of publication, distribution, etc. misr :
Name of publisher, distributor, etc. Maktub al Qahira ,
Date of publication, distribution, etc. 1953
300 ## - PHYSICAL DESCRIPTION
Pagination 815 p. ;
Size 26 cm
650 ## - SUBJECT ADDED ENTRY--TOPICAL TERM
Topical term or geographic name as entry element Quran
Form subdivision Interpretation
9 (RLIN) 246182
942 ## - ADDED ENTRY ELEMENTS (KOHA)
Source of classification or shelving scheme Dewey Decimal Classification
Koha item type Books
Holdings
Lost status Source of classification or shelving scheme Damaged status Not for loan Collection code Permanent Location Current Location Shelving location Date acquired Total Checkouts Full call number Date last seen Copy number Koha item type Source of acquisition Cost, normal purchase price
  Dewey Decimal Classification   Not For Loan Non-fiction Central Library, University of Rajshahi Central Library, University of Rajshahi Reading Room 09/12/2021   A 297.1225 WAM 1953 18/03/2021 C-1 Books    
  Dewey Decimal Classification     Non-fiction Central Library, University of Rajshahi Central Library, University of Rajshahi General Stacks 15/09/2022   a 297.1225 WAM 1953 15/09/2022 C-2 Books Urdu Library, Rajshahi 55.00